00661nam a2200157Ia 4500008004100000020001800041100002400059245009300083260002200176440003400198650001200232650012600244856004100370999001900411952007300430171212s9999 xx 000 0 und d a9781760460365 aScott-Brown, Sophie cScott-Brown, SophieaThe Histories of Raphael SamuelbA portrait of a people's historian bANU E Pressc2017 aANU Lives Series in Biography aHistory aSamuel, Raphael; Historians -- Great Britain -- Biography; Marxian historiography; Historical materialism; Social history uhttp://jstor.org/stable/j.ctt1rfsrqs c351363d351363 001040aCLbCLd2017-12-12l0r2017-12-12 00:00:00w2017-12-12yCBE